| 000 | 01196nam0a22002651 4500 | ||
|---|---|---|---|
| 001 | rc\945468 | ||
| 005 | 20260406063149.0 | ||
| 035 | _a(NLR Aleph) 006117693 | ||
| 090 |
_a5427145 _c5427145 |
||
| 100 | _a20041129d1982 |||y0rusy50 ca | ||
| 101 | 0 | _arus | |
| 102 | _aRU | ||
| 105 | _aa ||||||||| | ||
| 200 | 1 |
_aМатериалистическая диалектика и системный подход _eМежвуз. сб. _fПод ред. д. ф. н. В.В. Ильина, к. ф. н. Д.А. Гущина |
|
| 210 |
_aЛ. _cИзд-во Ленингр. ун-та _d1982 |
||
| 215 |
_a208 с. _cил. _d22 |
||
| 225 | 1 |
_aПроблемы диалектики _fМ-во высш. и сред. спец. образования РСФСР. Пробл. совет по материалист. диалектике _vВып. 10 |
|
| 320 | _aБиблиогр. в подстроч. примеч. | ||
| 702 | 1 |
_4340 _7ca _8rus _aИльин _bВ. В. _cд-р филос. наук, онтология _f1930- _gВиктор Васильевич _9122955 _3RU\NLR\AUTH\7713262 |
|
| 801 | 0 |
_aRU _bNLR _gpsbo |
|
| 801 | 1 |
_aRU _bELAR _2rusmarc |
|
| 852 |
_aNLR _jП22/3612 |
||
| 942 | _cBOOK | ||
| 980 | _aNB | ||